Ukazovatele digitálneho marketingu

Charakteristika ukazovateľov digitálneho marketingu, ich štruktúra, dôležitosť a ich význam pre podnik. Prezentácia výsledkov prieskumu vykonaného v podnikoch v Slovenskej republike v r. 2016, aký význam majú pre podnik ukazovatele digitálneho marketingu, aká je frekvencia využívania ukazovateľov di...

ver descrição completa

Na minha lista:
Detalhes bibliográficos
Autor principal: Hrušovská, Dana, 1964-
Outros Autores: Grančičová, Katarína, 1967-
Formato: Capítulo de Livro
Idioma:eslovaco
Assuntos:
Tags: Adicionar Tag
Sem tags, seja o primeiro a adicionar uma tag!

MARC

LEADER 00000nla a2200000 4500
001 0241008
005 20240522133821.7
041 0 |a slo 
044 |a SK 
245 1 0 |a Ukazovatele digitálneho marketingu  |c Dana Hrušovská, Katarína Grančičová 
520 |a Charakteristika ukazovateľov digitálneho marketingu, ich štruktúra, dôležitosť a ich význam pre podnik. Prezentácia výsledkov prieskumu vykonaného v podnikoch v Slovenskej republike v r. 2016, aký význam majú pre podnik ukazovatele digitálneho marketingu, aká je frekvencia využívania ukazovateľov digitálneho marketingu, či sledujú podniky tieto ukazovatele a spôsob ich hodnotenia. 
610 2 0 |a marketing elektronický 
610 2 0 |a podnik 
610 2 0 |a stratégia marketingová 
610 2 0 |a zákazníci 
610 2 0 |a výskum ekonomický 
100 1 |a Hrušovská, Dana, 1964- 
700 1 |a Grančičová, Katarína, 1967-